English Football Clubs by Three Clues #1 - Statistics

General Stats
  • This quiz has been taken 1,528 times
  • The average score is 16 of 24
Answer Stats
Clues Club % Correct
Devils, Glazers, Treble Manchester United
99%
Fosse, Vichai, Lineker Leicester City
82%
Seagulls, Withdean, Falmer Brighton & Hove Albion
80%
Bloomer, Baseball, Rams Derby County
79%
Griffin, Frank, Bees Brentford
77%
Elton, Taylor, ‘Orns Watford
76%
Nicholson, Cockerel, Levy Tottenham Hotspur
73%
Biscuitmen, Waitrose, Madejski Reading
72%
Invincibles, Finney, Deepdale Preston North End
69%
Boothferry, Windass, Humber Hull City
68%
Dockers, Lions, Sheringham Millwall
68%
Posh, Ferguson, Soke Peterborough United
68%
Steel, Butty, Sharp Sheffield United
68%
H’Angus, Pools, Stelling Hartlepool United
67%
McMenemy, Dell, Solent Southampton
66%
Janners, Devon, Mayflower Plymouth Argyle
64%
Eco, Vegan, Nailsworth Forest Green Rovers
62%
Glass, Brunton, Cumbria Carlisle United
61%
Headington, Kassam, Yellow Oxford United
58%
Hoddle, Robins, Wiltshire Swindon Town
55%
Ramsey, Robson, Punch Ipswich Town
52%
Burslem, Valiants, Robbie Port Vale
51%
Domingo’s, Gwladys, Kendall Everton
50%
McGregor, Holte, Withe Aston Villa
48%
No matching quizzes found
Score Distribution
Percent of People with Each Score
Percentile by Number Answered
Your Score History
You have not taken this quiz